000 01211cam a22003257a 4500
001 13436521
003 CEME
005 20210628201534.0
008 031217s2003 enka 101 0 eng
010 _a 2003273948
015 _aGBA3-Y7944
020 _a1853129720
035 _a(OCoLC)ocm51667710
040 _aUKM
_cUKM
_dHKP
_dDLC
042 _alccopycat
050 0 0 _aTA658.8
_b.I5 2003
082 0 4 _a624.177130285
_221
111 2 _aInternational Conference on Computer Aided Optimum Design of Structures
_n(8th :
_d2003)
_955713
245 1 0 _aComputer aided optimum design of structures VIII /
_ceditors, S. Hernández, C.A. Brebbia, M.E.M. El-Sayed.
260 _aSouthampton,[England] ;
_aBoston :
_bWIT Press,
_c2003.
300 _a339 p. :
_bill. ;
_c23 cm.
504 _aIncludes bibliographical references and index.
650 0 _aStructural optimization
_xData processing
_vCongresses.
_955714
650 0 _aStructural optimization
_xIndustrial applications
_vCongresses.
_955715
650 0 _aComputer-aided design
_vCongresses.
_955716
700 1 _aHernández, S.
_q(Santiago),
_d1951-
_955556
700 1 _aBrebbia, C. A.
_923437
700 1 _aEl-Sayed, M.E.M.
_955717
942 _2ddc
_cBK
999 _c566447
_d566447